00276nam a2200109 4500020001500000082001400015100001900029245005600048260003500104300000900139650001800148 a1870670183 a574.8 WAL aWalgate,Robert aMiracle or Menace:biotechnology and the third world aLondonbPanos Institiutec1990 a199p abiotechnology